00444 a2200109 450000500170000002000180001708200160003510000220005124501700007326000570024330000340030020250624054706.0 a9789987091515 a338.910 MWA aMWAKAJINGA, L. K. aDevelopment Studies for College and University: Achieving Growth through Constant Implementation of New Professional Life Standards, Techniques and innovative ideas aDar es Salaam,bNyambari Nyangwine Publishersc2013. axix,235p.; bReferencesc23cm